Geography Grab Bag: Europe Quiz Stats

 Plays Quiz Updated Dec 9, 2018

Challenge
Share
Tweet
Embed
Score 0/30 Timer 06:00
8 Plays Today
Description Answer % Correct
Most common religion in IrelandCatholicism
79.6%
Largest exporter of goodsGermany
73.3%
Country with highest percentage of MuslimsTurkey
64.4%
Country controlling the Balearic IslandsSpain
58.3%
Country through which the Po River runsItaly
58.2%
Largest island in GreeceCrete
53%
Country between Ukraine and RomaniaMoldova
50.3%
Capital of EstoniaTallinn
47.8%
Largest island in the United KingdomGreat Britain
47.3%
Most recent city to host the Summer OlympicsLondon
46.8%
Mountain range between France and SpainPyrenees
46.2%
Body of water surrounding GotlandBaltic Sea
44.8%
Largest bordering country of HungaryUkraine
44.3%
Highest mountain in EUMont Blanc
42.7%
Country with highest population of SamisNorway
37.6%
Description Answer % Correct
River forming Liechtenstein's western borderRhine
33.9%
Country with the highest per capita GNI*Luxembourg
33.1%
Capital which partially lies on ZealandCopenhagen
30%
Archipelago bearing UK's northernmost pointShetland Islands
25.9%
Peninsula on which Denmark liesJutland Peninsula
21.7%
Russian exclave between Lithuania and PolandKaliningrad Oblast
19.7%
Mountain range running the length of ItalyApennine Mountains
18.9%
Last capital through which the Danube passesBelgrade
16.9%
River which Lisbon sits at the mouth ofTagus River
12.5%
Water body between Sweden and FinlandGulf of Bothnia
11.4%
Sea partially enclosed by Crimean PeninsulaSea of Azov
10%
Largest city north of Arctic CircleMurmansk
9.5%
Sea partially enclosed by Sardinia and SicilyTyrrhenian Sea
9.4%
River which St. Petersburg sits at the mouth ofNeva River
8.4%
Largest lakeLake Ladoga
7%

You're not logged in!

Compare scores with friends on all Sporcle quizzes.
OR
Log In

You Might Also Like...

Show Comments

Extras

Top Quizzes Today


Score Distribution

Your Account Isn't Verified!

In order to create a playlist on Sporcle, you need to verify the email address you used during registration. Go to your Sporcle Settings to finish the process.

Report this User

Report this user for behavior that violates our Community Guidelines.

Details: